Protection of marine biodiversity: a new generation of fisheries agreements (Registro nro. 9590)
[ vista simple ]
| 000 -CABECERA | |
|---|---|
| Campo de control | 005420000a22001570004500 |
| 090 ## - CLASIFICACIÓN LOCAL | |
| Colección | AR |
| Consecutivo | 00494 |
| 041 0# - IDIOMA | |
| Código de idioma para texto/pista de sonido o título separado | |
| 100 1# - ASIENTO PRINCIPAL--NOMBRE PERSONAL | |
| Nombre personal | Rengifo L., Antonio J. |
| 245 10 - MENCION DE TITULO | |
| Título | Protection of marine biodiversity: a new generation of fisheries agreements |
| 650 14 - ASIENTO SECUNDARIO DE MATERIA - TERMINO TEMATICO | |
| Término temático o nombre geográfico como elemento de entrada | Biodiversidad marina |
| 650 14 - ASIENTO SECUNDARIO DE MATERIA - TERMINO TEMATICO | |
| Término temático o nombre geográfico como elemento de entrada | Recursos marinos |
| 650 14 - ASIENTO SECUNDARIO DE MATERIA - TERMINO TEMATICO | |
| Término temático o nombre geográfico como elemento de entrada | Convenios internacionales |
| 650 14 - ASIENTO SECUNDARIO DE MATERIA - TERMINO TEMATICO | |
| Término temático o nombre geográfico como elemento de entrada | Manejo pesquero |
| 773 1# - Item fuente: | |
| Título | Review of European Community and International Enviromental Law |
| Especificación de materiales | 194 |
| Descripción física | 3 |
| Paginas del Articulo | 313-321 |
| Lugar, editorial y fecha de publicación | 1997 |
| Información sobre la relación | 6 |
| 942 ## - ELEMENTOS ADICIONALES (KOHA) | |
| Tipo de ítem | Artículo |
| Withdrawn status | Lost status | Damaged status | No para préstamo | Colección | Ubicación Permanente | Ubicación actual | Fecha de adquisición | Fuente de Valor | Datos de publicación Seriada | Total Checkouts | Número topográfico | Inventario / Código de Barras | Date last seen | Ejemplar | Price effective from | Forma de adquisición | Tipo de material |
|---|---|---|---|---|---|---|---|---|---|---|---|---|---|---|---|---|---|
| No para Préstamo | Hemeroteca | Bogotá | Bogotá | 27/02/2015 | Mendoza, Humberto | Fuera de circulación | AR 00494 | 010800 | 25/03/2015 | 1 | 25/03/2015 | Artículo |